Ekonomika i okružajuščaja sreda

Uložené v:
Podrobná bibliografia
Hlavný autor: Kneese, A.V
Médium: Kniha
Jazyk:Russian
Vydavateľské údaje: Moskva Ekonomika 1981
Tagy: Pridať tag
Žiadne tagy, Buďte prvý, kto otaguje tento záznam!

MARC

LEADER 00000nam a2200000 4500
001 c130970
005 20190506140408.2
041 0 |a rus 
044 |a RU 
245 1 0 |a Ekonomika i okružajuščaja sreda  |c A.V. Kneese 
264 1 |a Moskva  |b Ekonomika  |c 1981 
300 |a 189 s. 
100 1 |a Kneese, A.V.